000 00952pam a2200253 a 4500
999 _c20220
_d20220
001 3905448
005 20170118154835.0
008 910416s1991 vaua b 000 0 eng
010 _a 91018470
020 _a0871201828 :
_c$14.95
050 0 0 _aLB3051 .E97 1991
245 0 0 _aExpanding student assessment /
_cedited by Vito Perrone.
260 _aAlexandria, Va. :
_bAssociation for Supervision and Curriculum Development,
_cc1991.
300 _axi, 167 p. :
_bill. ;
_c23 cm.
504 _aIncludes bibliographical references.
650 0 _aEducational tests and measurements
_zUnited States.
700 1 _aPerrone, Vito.
942 _2lcc
_cBOOKS